000 00672nam a2200289Ia 4500
005 20260324123726.0
008 008 260324s9999 xx 000 0 eng d
020 _a9780203831991
037 _aEBOOK
040 _aCRL
040 _beng
040 _cCRL
041 _2eng
041 _aeng
084 _qCRL
100 _aPhil Allmendinger
_91171413
245 0 _aNew Labour and Planning
245 0 _bFrom New Right to New Left
260 _bTaylor and Francis
260 _c2011
365 _a
365 _b180
856 _uhttp://www.taylorfrancis.com/books/9780203831991
942 _cEBOOK
999 _c1765172
_d1765172